000 01040nam a22003377a 4500
001 BR0806187
003 BR-BrBNA
005 20230928102722.0
007 ta
008 230509b bl.||||| |||| 00| 0 por d
040 _aBR-BrBNA
_bpor
_cBiblioteca Nacional de Agricultura
041 _a(Por)
072 _aL02; L10
_b6510
090 _ 6510 BR0806187
100 1 _aCorrêa, G. da S.S.
110 1 _aUniversidade Federal de Minas Gerais, Belo Horizonte (Brasil). Escola de Veterinária
_0Tese (Doutor em Ciência Animal)
245 1 _aExigências Nutricionais de diferentes grupos genéticos de codornas de corte
260 3 _aBelo Horizonte, MG (Brasil):
_c2006.
300 _a175 p.
500 _aSummaries (Eng, Por); Several bibliography; 50 tables; 41 illus.
650 _aCODORNA
650 _aRAÇÃO
650 _aDIETA
650 _aLISINA
650 _aCARCAÇA
650 _aPROTEÍNA
650 _aAMINOÁCIDO
650 _aEXIGÊNCIA NUTRICIONAL
909 _a202309
_bLucia
_c55
_dLucia Elande
942 _cBK
999 _c72195
_d72195